Score 0/10 Timer 01:30
0 Plays Today
% Correct
1943
89.7%
1989
73.5%
1717
70.6%
2016
64.7%
1720
64.7%
1919
64.7%
1893
55.9%
1905
54.4%
1979
48.5%
1987
44.1%
Remove Ads.
Support Sporcle.
Get the best of Sporcle when you Go Orange. This ad-free experience offers more features, more stats, and more fun while also helping to support Sporcle. Thank you for becoming a member.

You're not logged in!

Compare scores with friends on all Sporcle quizzes.
OR
Log In

Show Comments

Extras

Top Quizzes Today


Score Distribution

Your Account Isn't Verified!

In order to create a playlist on Sporcle, you need to verify the email address you used during registration. Go to your Sporcle Settings to finish the process.

Report this User

Report this user for behavior that violates our Community Guidelines.

Details: